LEADER 01540nam2-2200409---450- 001 990003335810203316 005 20100706144527.0 035 $a000333581 035 $aUSA01000333581 035 $a(ALEPH)000333581USA01 035 $a000333581 100 $a20091019d2009----|||y0itay0103----ba 101 0 $aita 102 $ait 105 $a||||||||001yy 200 1 $a<><>esecuzione forzata, i procedimenti speciali, i procedimenti di separazione e divorzio, i processi del lavoro e locatizio. L'arbitrato$fCrisanto Mandrioli 205 $aEditio minor, 7. ed 210 $aTorino$cGiappichelli$d2009 215 $a287 p.$d24 cm 461 0$1001000333578$12001$aCorso di diritto processuale civile 606 0 $aDiritto processuale civile$2BNCF 676 $a347.4505 700 1$aMANDRIOLI,$bCrisanto$0227204 801 0$aIT$bSALBC$gISBD 912 $a990003335810203316 951 $aXXVII.1.B. 258 3$b64635 G.$cXXVII.1.B.$d00229097 951 $aXXVII.1.B. 258 3 a$b65761 G.$cXXVII.1.B.$d00261935 959 $aBK 969 $aGIU 979 $aCHIARA$b90$c20091019$lUSA01$h1219 979 $aCHIARA$b90$c20091019$lUSA01$h1222 979 $aCHIARA$b90$c20091019$lUSA01$h1222 979 $aFIORELLA$b90$c20091214$lUSA01$h1242 979 $aFIORELLA$b90$c20091214$lUSA01$h1248 979 $aFIORELLA$b90$c20100706$lUSA01$h1445 996 $aEsecuzione forzata, i procedimenti speciali, i procedimenti di separazione e divorzio, i processi del lavoro e locatizio. L'arbitrato$91488080 997 $aUNISA